000 00569cam a22002052 4500
001 0000024271
005 20151217155914.0
008 130624s xx 000 0 eng d
020 _a9966469419 :
040 _aKABU
_cKABU
050 0 _aPL8704
_b.M76T88 1993
100 1 _aMtobwa, Ben.
_@0000152152
245 1 0 _aTutarudi na roho zetu?.
260 _aNairobi :
_bMkuki Books,
_c1993.
300 _a176 p.
650 0 _aSwahili fiction.
_@0000184263
852 1 _9p320 KES
908 _a130624
950 _@1
999 _c13903
_d13903